01656nam a2200397 a 4500001001200000003000800012006001900020007001500039008004100054010001700095020001800112020002700130040002100157035002100178043001200199050002800211082002100239245014000260260004300400300006300443490005400506504004100560533015200601650003200753650003300785650006600818651004800884651005300932655002900985700001901014710001601033710001701049830004901066856012601115999001701241ebr10705959CaPaEBRm o u cr cn|||||||||130307s2013 dcuabd sb 000 0 eng d z 2013008111 z9780821398746 z9780821398753 (e-book) aCaPaEBRcCaPaEBR a(OCoLC)843538151 aa-pk---14aQC903.2.P18bI53 2013eb04a551.4809549122304aThe Indus Basin of Pakistanh[electronic resource] :bthe impacts of climate risks on water and agriculture /cWinston Yu ... [et al.]. aWashington, D.C. :bWorld Bank,c2013. axviii, 165 p. :bill. (chiefly col.), maps (chiefly col.).1 aDirections in development : countries and regions aIncludes bibliographical references. aElectronic reproduction.bPalo Alto, Calif. :cebrary,d2013.nAvailable via World Wide Web.nAccess may be limited to ebrary affiliated libraries. 0aClimatic changeszPakistan. 0aCrops and climatezPakistan. 0aWater resources developmentxEnvironmental aspectszPakistan. 0aIndus River WatershedxEconomic conditions. 0aIndus River WatershedxEnvironmental conditions. 7aElectronic books.2local1 aYu, Winston H.2 aWorld Bank.2 aebrary, Inc. 0aDirections in development (Washington, D.C.)40uhttp://site.ebrary.com/lib/rucke/Doc?id=10705959zAn electronic book accessible through the World Wide Web; click to view c19477d19477